Universal algebra and applications in theoretical computer science

Sparad:
Bibliografiska uppgifter
Huvudupphovsman: Klaus Denecke
Materialtyp: Bok
Språk:Undetermined
Publicerad: Boca Raton, FL CRC Press 2002
Ämnen:
Taggar: Lägg till en tagg
Inga taggar, Lägg till första taggen!
Thư viện lưu trữ: Trung tâm Học liệu Trường Đại học Cần Thơ
LEADER 00569nam a2200193Ia 4500
001 CTU_58066
008 210402s9999 xx 000 0 und d
082 |a 512 
082 |b D392 
100 |a Klaus Denecke 
245 0 |a Universal algebra and applications in theoretical computer science 
245 0 |c Klaus Denecke and Shelly L. Wismath 
260 |a Boca Raton, FL 
260 |b CRC Press 
260 |c 2002 
650 |a algebra, universal,computer science 
650 |x mathematics 
904 |i Minh 
980 |a Trung tâm Học liệu Trường Đại học Cần Thơ